[Event "Challenge"]
[Site "http://www.queenalice.com/game.php?id=611631"]
[Date "2009.7.1"]
[Round "-"]
[White "Nica_Pinica"]
[Black "mmarco"]
[Result "0-1"]
[WhiteElo "1185"]
[BlackElo "1399"]

1. d4 Nf6 2. Nc3 d5 3. Qd3 g6 4. Nf3 Bg4 5. Ne5 Na6 6. Qb5+ c6 7. Qxb7 Qc8 8.
Qb3 Rb8 9. Qa3 e6 10. Na4 Bxa3 11. e3 Nb4 12. Nc5 Nxc2+ 13. Kd2 Nxa1 14. Ba6
Bb4+ 15. Kd3 Bf5+ 16. Ke2 Bxc5 17. Bxc8 Rxc8 18. Bd2 Nc2 19. dxc5 O-O 20. Nf3
Rb8 21. Rc1 Rxb2 22. Ne5 Rxa2 23. Nxc6 Ne4 24. Kf3 Nxd2+ 25. Kf4 Ra4+ 26. Kg5
Rg4+ 27. Kf6 Ne4+ 28. Ke7 Rxg2 29. Rxc2 Nxf2 30. Nxa7 Bxc2 31. c6 Ba4 32. c7
Re8+ 33. Kd6 Ne4+ 34. Ke5 f6+ 35. Kd4 Rd2# 0-1

[Event "AUTO-INT-1408"]
[Site "http://www.queenalice.com/game.php?id=633729"]
[Date "2009.8.9"]
[Round "1"]
[White "mmarco"]
[Black "Prosperidade"]
[Result "1-0"]
[WhiteElo "1470"]
[BlackElo "1489"]

1. d4 d5 2. h3 c5 3. dxc5 Nc6 4. e3 a6 5. a3 e5 6. b4 Nf6 7. c3 Be7 8. a4 O-O 9.
b5 axb5 10. Bb2 bxa4 11. Rxa4 Rxa4 12. Qxa4 Bxc5 13. Ba3 1-0

[Event "AUTO-INT-1408"]
[Site "http://www.queenalice.com/game.php?id=633730"]
[Date "2009.8.9"]
[Round "1"]
[White "Prosperidade"]
[Black "mmarco"]
[Result "0-1"]
[WhiteElo "1472"]
[BlackElo "1487"]

1. d4 h6 2. c4 d5 3. cxd5 Qxd5 4. Nc3 Qa5 5. Bd2 e6 6. a3 Nf6 7. e3 a6 8. Nf3
Nc6 9. Nd5 Qxd5 10. Bd3 b5 11. Rc1 Bb7 12. Qc2 O-O-O 0-1

[Event "AUTO-INT-1440"]
[Site "http://www.queenalice.com/game.php?id=649108"]
[Date "2009.9.8"]
[Round "1"]
[White "lehman"]
[Black "mmarco"]
[Result "0-1"]
[WhiteElo "1344"]
[BlackElo "1514"]

1. e4 e5 2. Nf3 d6 3. Bc4 Be6 4. Bxe6 fxe6 5. O-O h5 6. d3 Be7 7. Be3 Nf6 8. h3
g6 9. Ng5 Nfd7 10. Nxe6 Qc8 11. Qf3 Nf6 12. Ng7+ Kf7 13. Nxh5 Rxh5 14. Nc3 c6
15. g4 Rh7 0-1

[Event "AUTO-INT-1440"]
[Site "http://www.queenalice.com/game.php?id=649109"]
[Date "2009.9.8"]
[Round "1"]
[White "mmarco"]
[Black "lehman"]
[Result "1-0"]
[WhiteElo "1504"]
[BlackElo "1354"]

1. e4 c6 2. d4 d5 3. e5 Bf5 4. g4 Be4 5. f3 Bg6 6. Bd3 Bxd3 7. Qxd3 e6 8. f4
Qa5+ 9. Bd2 Qa6 10. a4 Qxd3 11. cxd3 Na6 12. h3 h5 13. g5 Nb4 14. Bxb4 Bxb4+ 15.
Ke2 1-0

[Event "AUTO-INT-1440"]
[Site "http://www.queenalice.com/game.php?id=649122"]
[Date "2009.9.8"]
[Round "1"]
[White "william_1987br"]
[Black "mmarco"]
[Result "1-0"]
[WhiteElo "1566"]
[BlackElo "1457"]

1. e4 e5 2. Nf3 Qf6 3. d4 d6 4. Bg5 Qe6 5. b3 h6 6. d5 Qd7 7. Bh4 g5 8. Bg3 Bg7
9. Nfd2 a6 10. h3 Nf6 11. c4 c5 12. Be2 g4 13. Bxg4 Qd8 14. f4 h5 15. Bxc8 Qxc8
16. f5 Bh6 17. a3 Bg5 18. Nf3 Nxe4 19. Bh4 Bf4 20. Qd3 Qxf5 21. Bg5 Bg3+ 22. Ke2
Bf4 23. Bxf4 exf4 24. Nbd2 Ng3+ 25. Kf2 Qxd3 26. Rhe1+ Kd7 27. Ng5 Qxd2+ 28. Kg1
Ne2+ 29. Kf1 Ng3+ 30. Kg1 h4 31. Nxf7 Re8 32. Rxe8 1-0

[Event "AUTO-INT-1440"]
[Site "http://www.queenalice.com/game.php?id=649123"]
[Date "2009.9.8"]
[Round "1"]
[White "mmarco"]
[Black "william_1987br"]
[Result "0-1"]
[WhiteElo "1445"]
[BlackElo "1578"]

1. d4 d5 2. e3 Nc6 3. Bb5 Qd6 4. a3 a6 5. Bxc6+ Qxc6 6. Nc3 b5 7. b4 Qxc3+ 8.
Bd2 Qb2 9. Ne2 Bf5 10. Bc1 Qxa1 11. O-O e6 12. c3 Nf6 13. f3 a5 14. g4 Bg6 15.
Qd2 Bb1 16. Bb2 Qa2 17. Nc1 Qc4 18. Ne2 Bd3 19. Re1 Bxe2 20. Rxe2 axb4 21. cxb4
Bd6 22. Qd1 h5 23. Rc2 Qb3 24. Qc1 e5 25. Rc3 Qa4 26. g5 Nh7 27. Qe1 Nxg5 28.
Qe2 Nh3+ 29. Kg2 Ng5 30. dxe5 Bxe5 31. Rc2 Bxb2 32. Rxb2 Qxa3 0-1

[Event "AUTO-INT-1440"]
[Site "http://www.queenalice.com/game.php?id=649132"]
[Date "2009.9.8"]
[Round "1"]
[White "mmarco"]
[Black "dreamteam"]
[Result "0-1"]
[WhiteElo "1469"]
[BlackElo "1576"]

1. d4 d5 2. e3 Nf6 3. c4 c6 4. c5 b6 5. b4 Ba6 6. Bxa6 Nxa6 7. Qe2 Nxb4 8. a3
Na6 9. Qxa6 bxc5 10. Qxc6+ Nd7 11. Qxd5 e6 12. Qc4 Rb8 13. dxc5 Nxc5 14. Nc3 Bd6
15. Bd2 Nb3 16. Qa4+ Kf8 17. Rb1 Nxd2 18. Rd1 Be5 19. Nce2 Rb1 20. f4 Nf3+ 21.
gxf3 Rxd1+ 0-1

[Event "AUTO-INT-1440"]
[Site "http://www.queenalice.com/game.php?id=649133"]
[Date "2009.9.8"]
[Round "1"]
[White "dreamteam"]
[Black "mmarco"]
[Result "1-0"]
[WhiteElo "1615"]
[BlackElo "1528"]

1. e4 e5 2. Nf3 Qf6 3. d4 exd4 4. Qxd4 Qxd4 5. Nxd4 Bc5 6. Be3 d6 7. Nb5 Kd7 8.
g3 Kc6 9. Bxc5 dxc5 10. N1c3 a6 11. Na3 Nf6 12. Bg2 Re8 13. O-O-O Ng4 14. Nc4
Nxf2 15. e5+ 1-0

[Event "TeddyRuxpin_Challenger"]
[Site "http://www.queenalice.com/game.php?id=664340"]
[Date "2009.10.8"]
[Round "-"]
[White "EvoPerovich"]
[Black "mmarco"]
[Result "1-0"]
[WhiteElo "1927"]
[BlackElo "1530"]

1. e4 e5 2. Nf3 d6 3. Bc4 h6 4. d4 Bg4 5. Nc3 c6 6. h3 Bxf3 7. Qxf3 Nf6 8. dxe5
dxe5 9. O-O Bc5 10. Be3 Bxe3 11. Qxe3 Qd4 12. Qe2 O-O 13. Rad1 Qb6 14. Bb3 Nbd7
15. Na4 Qa6 16. Qxa6 bxa6 17. f3 Rad8 18. Rd2 Nb8 19. Rfd1 Nbd7 20. Nc5 Kh7 21.
Nxd7 Nxd7 22. Rxd7 Rxd7 23. Rxd7 f6 24. Rxa7 h5 25. Rxa6 Rc8 26. a4 c5 27. Bd5
Rb8 28. b3 Rb4 29. Rc6 g5 30. Rxf6 Rd4 31. c4 h4 32. a5 Rd1+ 33. Kh2 Rb1 34. a6
Ra1 35. Rf7+ Kg6 36. a7 g4 37. hxg4 Kg5 38. a8=Q Rxa8 39. Bxa8 h3 40. gxh3 Kg6
41. Rf5 Kg7 42. Rxe5 Kf6 43. Rxc5 Ke6 44. Rf5 Kd6 45. h4 Kc7 46. h5 Kd6 47. h6
Ke7 48. h7 Ke6 49. h8=Q Ke7 50. Qc8 Kd6 51. Qc6+ Ke7 52. Re5+ Kd8 53. Re8# 1-0

[Event "AUTO-INT-1474"]
[Site "http://www.queenalice.com/game.php?id=664369"]
[Date "2009.10.8"]
[Round "1"]
[White "Prosperidade"]
[Black "mmarco"]
[Result "1-0"]
[WhiteElo "1704"]
[BlackElo "1426"]

1. d4 d5 2. e3 a6 3. c4 dxc4 4. Bxc4 b5 5. Be2 Bf5 6. Nf3 Qd6 7. Nc3 e6 8. h3 h5
9. O-O Nc6 10. a3 f6 11. e4 Bg6 12. Be3 b4 13. axb4 Qxb4 14. Qc1 Rb8 15. Rxa6
Nge7 16. Ra2 Ng8 17. Nh4 Bf7 18. Qc2 Qb3 19. Qxb3 Rxb3 20. Bb5 Kd7 21. Ra6 Ne7
22. d5 exd5 23. exd5 Bxd5 24. Rd1 g5 25. Nxd5 Rxb5 26. Nc3+ 1-0

[Event "AUTO-INT-1474"]
[Site "http://www.queenalice.com/game.php?id=664370"]
[Date "2009.10.8"]
[Round "1"]
[White "mmarco"]
[Black "Prosperidade"]
[Result "0-1"]
[WhiteElo "1421"]
[BlackElo "1709"]

1. d4 d5 2. Qd3 e6 3. h4 Nf6 4. Bg5 Nbd7 5. a3 h6 6. Bxf6 Nxf6 7. f3 a6 8. b4
Bd6 9. Rh3 e5 10. g4 e4 11. Qe3 O-O 12. Nc3 c6 13. Rd1 Re8 14. Rg3 Bxg3+ 15. Kd2
Qc7 16. Bh3 Bf4 17. Qxf4 Qxf4+ 18. e3 Qh2+ 19. Kc1 exf3 20. Nxf3 Qxh3 21. Nd2
Qxe3 22. Kb2 Bxg4 23. Nf1 Bxd1 24. Nxe3 Rxe3 25. Nxd1 Rh3 26. Nc3 Rxh4 27. Ne2
Re8 28. Ng3 Rxd4 29. Nf5 Rd2 0-1

[Event "AUTO-INT-1474"]
[Site "http://www.queenalice.com/game.php?id=664385"]
[Date "2009.10.8"]
[Round "1"]
[White "jorden"]
[Black "mmarco"]
[Result "1-0"]
[WhiteElo "1376"]
[BlackElo "1515"]

1. e4 e5 2. Nf3 Qf6 3. Bc4 Ne7 4. d4 Nec6 5. d5 Ne7 6. Bg5 Qb6 7. b3 f6 8. Be3
c5 9. a4 a5 10. Bb5 g5 11. d6 Ng6 12. Nc3 Nh4 13. Nxh4 gxh4 14. Nd5 Qd8 15. Bxc5
h5 16. Nc7+ Kf7 17. Bc4+ Kg7 18. Qd5 Nc6 19. Qf7+ Kh6 20. Be3# 1-0

[Event "AUTO-INT-1474"]
[Site "http://www.queenalice.com/game.php?id=664386"]
[Date "2009.10.8"]
[Round "1"]
[White "mmarco"]
[Black "jorden"]
[Result "1-0"]
[WhiteElo "1417"]
[BlackElo "1372"]

1. d4 d5 2. Bf4 g6 3. e3 Bg7 4. Qd2 c5 5. dxc5 Bxb2 6. c3 Bxa1 7. Qd4 f6 8. Nf3
Qa5 9. Bd3 Qxa2 10. O-O Nc6 11. Bb5 Kf7 12. Qxd5+ Qxd5 13. Na3 Qxc5 14. Rxa1 e5
15. Bxc6 exf4 16. Be4 Qxc3 17. Nc2 f5 18. Ne5+ Qxe5 19. Bd3 fxe3 20. Re1 exf2+
21. Kxf2 Qxh2 22. Ne3 Nf6 23. Nf1 Ng4+ 24. Kf3 Bd7 25. Nxh2 1-0

[Event "AUTO-INT-1474"]
[Site "http://www.queenalice.com/game.php?id=664397"]
[Date "2009.10.8"]
[Round "1"]
[White "mmarco"]
[Black "bferrari2310"]
[Result "0-1"]
[WhiteElo "1430"]
[BlackElo "1734"]

1. d4 Nf6 2. Nc3 g6 3. Bg5 Bg7 4. Bxf6 Bxf6 5. e4 O-O 6. e5 Bg7 7. g4 d5 8. Qf3
c6 9. h4 a5 10. a4 Nd7 11. g5 e6 12. Bd3 c5 13. Nce2 cxd4 14. Qh3 Nxe5 15. f4
Nxd3+ 16. cxd3 e5 17. Qf3 exf4 18. Nxf4 Re8+ 19. Nge2 Qd6 20. Nxd5 Be6 21. Qf4
Qxf4 22. Ndxf4 Bg4 23. Rh2 Bxe2 24. Nxe2 Re6 0-1

[Event "AUTO-INT-1474"]
[Site "http://www.queenalice.com/game.php?id=664398"]
[Date "2009.10.8"]
[Round "1"]
[White "bferrari2310"]
[Black "mmarco"]
[Result "1-0"]
[WhiteElo "1730"]
[BlackElo "1434"]

1. c4 e6 2. Nc3 Bb4 3. Qb3 a5 4. d3 Qe7 5. Bd2 Na6 6. Nf3 d6 7. a3 Nc5 8. Qc2
Bxc3 9. Bxc3 f6 10. g3 Bd7 11. Bg2 Bc6 12. O-O Ba4 13. Qd2 Nb3 14. Qe3 Nxa1 15.
Rxa1 g5 16. Nd4 e5 17. Nf5 Qd7 18. Bxb7 Rd8 19. Qe4 c6 20. Ba6 d5 21. cxd5 cxd5
22. Qg4 h5 23. Qf3 1-0

[Event "filipe_plebe"]
[Site "http://www.queenalice.com/game.php?id=677313"]
[Date "2009.11.3"]
[Round "1"]
[White "vli"]
[Black "mmarco"]
[Result "1-0"]
[WhiteElo "1302"]
[BlackElo "1493"]

1. e4 e5 2. Qh5 Qf6 3. Nf3 g6 4. Qxe5+ Qxe5 5. Nxe5 f6 6. Nc4 b5 7. Ne3 c6 8. d4
Na6 9. a4 Nc7 10. axb5 cxb5 11. Bxb5 Nxb5 12. e5 Nxd4 13. Nc3 Bb4 14. Bd2 Nxc2+
15. Nxc2 Bxc3 16. Bxc3 Kf7 17. exf6 Nh6 18. O-O-O 1-0